Etica o filosofía moral / (Record no. 161096)

MARC details
000 -LEADER
campo de control de longitud fija 00553nam a2200181 i 4500
001 - NÚMERO DE CONTROL
campo de control 161096
003 - IDENTIFICADOR DE NÚMERO DE CONTROL
campo de control ES-MaACL
005 - FECHA Y HORA DE LA ÚLTIMA TRANSACCIÓN
campo de control 20250718062546.0
008 - DATOS DE LONGITUD FIJA--INFORMACIÓN GENERAL
campo de control de longitud fija 970827s1874 sp |||| | spa d
100 1# - ENTRADA PRINCIPAL--NOMBRE DE PERSONA
Nombre de persona Ortí y Lara, Juan Manuel.
9 (RLIN) 87534
245 10 - MENCIÓN DEL TÍTULO
Título Etica o filosofía moral /
Mención de responsabilidad, etc. Juan Manuel Ortí y Lara.
250 ## - MENCION DE EDICION
Mención de edición 6ª ed., corr. y aum.
260 ## - PUBLICACIÓN, DISTRIBUCIÓN, ETC.
Lugar de publicación, distribución, etc. Madrid :
Nombre del editor, distribuidor, etc. [s.n.],
Fecha de publicación, distribución, etc. 1874 (
Fabricante Imp. de Pascual Conesa)
300 ## - DESCRIPCIÓN FÍSICA
Extensión 206 p. ;
Dimensiones 21 cm.
650 #7 - PUNTO DE ACCESO ADICIONAL DE MATERIA--TÉRMINO DE MATERIA
Término de materia o nombre geográfico como elemento de entrada Ética
Fuente del encabezamiento o término embne
9 (RLIN) 12577
852 ## - LOCALIZACIÓN
Ubicación ES-MaACL
Número de control de estantería C-2948
Nota libre - Enc. hol.
Holdings
Estatus retirado Estado de pérdida Estado de daño No para préstamo Colección Biblioteca de origen Biblioteca actual Ubicación en estantería Fecha de adquisición Fuente de adquisición Total de préstamos Signatura topográfica completa Código de barras Visto por última vez Precio de reemplazo Tipo de ítem Koha
        Libros del s. XIX Biblioteca del Ateneo de Madrid Biblioteca del Ateneo de Madrid Sala Palomar 17/01/2008     C-2948 1168734 23/02/2023 23/02/2023 Libro impreso antiguo